000 00392 a2200133 4500
005 20250317170203.0
020 _a0 471 90381 7
082 _a658.87 DAV
245 _aStore Location and Store Assessment Research
260 _aNew York
_bJohn Wiley & Sons
_c1984
300 _ax, 375p., ill., table, chart, figure
_bIndex
_c23cm.
700 _aDAVIES, R. L. & ROGERS, D. S.
942 _2ddc
_cBKS
999 _c836
_d836